000 00284nam a2200097Ia 4500
001 698720
005 20250826162056.0
008 250824s9999 xx 000 0 und d
245 0 _aARABA SEVDASI (ANTİK OKUL KLASİKLERİ)
_cRECAİZADE MAHMUD EKREM
260 _bANTİK DÜNYA KLASİKLERİ
999 _c698720
_d698720